000 00433nam a2200133Ia 4500
008 201002s9999 xx 000 0 und d
020 _a978-971-980-932-6
100 _aTorres, Jose Victor
245 _cJose Victor Torres
_aBatis:
_bsources in Philippine history/
260 _aManila:
_bC&E Publishing
_c2018
300 _aix, 231 pages
_c22 cm.
650 _aPhilippines -- history
650 _aPhilippines -- politics and government
999 _c364559
_d364559